000 00690nam a2200289Ia 4500
005 20260324121334.0
008 008 260324s9999 xx 000 0 eng d
020 _a9781315729114
037 _aEBOOK
040 _aCRL
040 _beng
040 _cCRL
041 _2eng
041 _aeng
084 _qCRL
100 _aNiels Peter Lemche
_91162134
245 0 _aBiblical Studies and the Failure of History
245 0 _bChanging Perspectives 3
260 _bTaylor and Francis
260 _c2014
365 _a
365 _b265
856 _uhttp://www.taylorfrancis.com/books/9781315729114
942 _cEBOOK
999 _c1754167
_d1754167